01545nam a22002897a 450000500170000000800410001702000180005804000270007604100080010304400070011108200210011824502060013926001120034530000880045750502710054565000330081665000310084965000300088065000310091065000390094165000470098070000390102770000380106670000390110471000820114370000300122520200104041734.0151109t2015 ck ||||fr||||f00| 0 spa d a9789588889313 aCO-BoIAVH cCO-BoIAVH 0 aspa ack04a581.620986bC91h10aHerramienta para la gestión de áreas afectadas por invasiones biológicas en Colombia / cEditores: Juliana Cárdenas-Toro, María Piedad Baptiste E., Wilson Ramírez, Mauricio Aguilar Garavito aBogotá (Colombia) :bInstituto de Investigación de Recursos Biológicos Alexander von Humboldt,c2015. a154 páginas :btablas, ilustraciones y fotografías a color ;c23 centímetros. aPrimera parte: Introducción y conceptos empleados. Segunda parte: Diagnóstico sobre la gestión integral de especies con potencial invasor en Colombia. Tercera parte: Estudios de caso sobre restauración ecológica de áreas afectadas por especies invasoras.04aEspecies invasoraszColombia04aRestauración ecológica04aServicios ecosistémicos04aPérdida de biodiversidad04aInvasiones biológicasxgestión04aEspecies invasorasxnormatividadzColombia1 aCárdenas-Toro, Juliana.eEditora1 aBaptiste, María PiedadeEditora1 aAguilar-Garavito, MauricioeEditor2 aInstituto de Investigación de Recursos Biológicos Alexander von Humboldt.1 aRamírez, WilsoneEditor